The harvest. (Record no. 12657)

000 -LEADER
fixed length control field 00543nam a2200193 a 4500
001 - CONTROL NUMBER
control field :::00010470$&:&@@
003 - CONTROL NUMBER IDENTIFIER
control field OkBaRHE
005 - DATE AND TIME OF LATEST TRANSACTION
control field 20100401165839.0
008 - FIXED-LENGTH DATA ELEMENTS--GENERAL INFORMATION
fixed length control field s1996 j 000 0 eng u
040 ## - CATALOGING SOURCE
Transcribing agency
100 1# - MAIN ENTRY--PERSONAL NAME
Personal name Jakes, T.D.
245 14 - TITLE STATEMENT
Title The harvest.
260 ## - PUBLICATION, DISTRIBUTION, ETC. (IMPRINT)
Place of publication, distribution, etc Bakersfield, CA., : Pneuma Life
Date of publication, distribution, etc 1996
300 ## - PHYSICAL DESCRIPTION
Extent 81 p. ;
Dimensions 21 cm.
650 ## - SUBJECT ADDED ENTRY--TOPICAL TERM
Topical term or geographic name as entry element Christian Life
650 ## - SUBJECT ADDED ENTRY--TOPICAL TERM
Topical term or geographic name as entry element Evangelism
942 ## - ADDED ENTRY ELEMENTS (KOHA)
Source of classification or shelving scheme
Koha item type Books
Copies
Shelving location Full call number Price effective from Koha item type Lost status Damaged status Copy number Not for loan Date acquired Date last seen Permanent Location Withdrawn status Source of classification or shelving scheme Barcode
General StacksBV 4501 .J3 19962010-04-14Books  1 2010-04-142010-04-14RHEMA Bible Training College  10470